Get the Picture: Heaven or Hell Quiz Stats

 Plays Quiz Updated Mar 11, 2019

Score 0/16 Timer 02:30
1 Play Today
Question Answer Wrong Answers
Stereotypical annoyed British exclamation:
Bloody _____!
Hell
96.7%
Heaven
1.2%
The setting for:
Dante's Inferno
Hell
96.5%
Heaven
1.3%
Gordon Ramsay show and New York neighborhood:
_____'s Kitchen
Hell
96.4%
Heaven
1.5%
Popular expression:
Like a bat out of _____
Hell
95.7%
Heaven
2.2%
Led Zeppelin song:
Stairway to _____
Heaven
94.7%
Hell
3.2%
Bob Dylan song:
Knockin' on _____'s Door
Heaven
94.6%
Hell
3.2%
Stage play by Harry Segall:
______ Can Wait
Heaven
93.9%
Hell
3.8%
2012 Bruno Mars song:
Locked Out of _____
Heaven
92.5%
Hell
5.3%
Buffy the Vampire Slayer location under Sunnydale High School:
The _____mouth.
Hell
90.9%
Heaven
7%
2009 movie:
Drag Me to _____
Hell
87.9%
Heaven
9.9%
Attributed to Andrew Jackson:
'_____ will be no _____ to me if I do not meet my wife there.'
Heaven
84.5%
Hell
13.6%
Idiomatic expression:
Manna from _____
Heaven
84.4%
Hell
13.5%
2010 book and 2014 movie:
_____ Is for Real
Heaven
76.3%
Hell
21.6%
Jean-Paul Sartre quote:
'_____ is other people.'
Hell
76.3%
Heaven
21.4%
Monty Python sketch:
_____'s Grannies
Hell
67.5%
Heaven
30.3%
1980s Michael Landon TV series:
Highway to _____
Heaven
58.8%
Hell
39.4%

Today's Daily Dose

Word Ladder
Lean on Me

Get the Picture
Superhero by Villain

You're not logged in!

Compare scores with friends on all Sporcle quizzes.
OR
Log In

Sporcle TV

Today on Sporcle TV


Watch our educational content, quiz creation guides, and fun videos on Sporcle TV.

Show Comments

Extras

Top Quizzes Today


Score Distribution

Your Account Isn't Verified!

In order to create a playlist on Sporcle, you need to verify the email address you used during registration. Go to your Sporcle Settings to finish the process.

Report this User

Report this user for behavior that violates our Community Guidelines.

Details: